000 01088nam0a2200313 4500
001 RU\NLR\BIBL_A\011382224
005 20190520113635.0
010 _a978-5-506-01295-5
_95000
021 _aRU
_bКН-П-19-029448
_9КН-П-19-2220
035 _a(NLR Aleph) 011382224
035 _a(RuMoRGB)009958676
035 _a(RuMoRGB)008846318
090 _a11407815
_c11407815
100 _a20170505d2017 u y0rusy50 ca
101 0 _arus
102 _aRU
105 _aa|||z||| 00ay
200 1 _aКурочка ряба
_eкнижка-панорамка для малышей
_e[русская народная сказка
_eдля чтения взрослыми детям
_fхудожник Ирина Гилеп]
210 _aМосква
_cС-Трейд
_cУМка
_d2017
215 _a[10] с.
_cцв. ил.
_d20
333 _a0+
686 0 _aШ9(2)60=Р7-8
702 1 _aГилеп
_bИ.
_gИрина
_4040
942 _cBOOK
980 _aNBR
980 _aNB